<?xml version="1.0" encoding="UTF-8"?><?xml-stylesheet type="text/xsl" href="static/style.xsl"?><OAI-PMH xmlns="http://www.openarchives.org/OAI/2.0/" xmlns:xsi="http://www.w3.org/2001/XMLSchema-instance" xsi:schemaLocation="http://www.openarchives.org/OAI/2.0/ http://www.openarchives.org/OAI/2.0/OAI-PMH.xsd"><responseDate>2026-04-27T06:44:25Z</responseDate><request verb="GetRecord" identifier="oai:repisalud.isciii.es:20.500.12105/11907" metadataPrefix="marc">https://repisalud.isciii.es/rest/oai/request</request><GetRecord><record><header><identifier>oai:repisalud.isciii.es:20.500.12105/11907</identifier><datestamp>2025-06-09T18:27:22Z</datestamp><setSpec>com_20.500.12105_8140</setSpec><setSpec>com_20.500.12105_5570</setSpec><setSpec>com_20.500.12105_2404</setSpec><setSpec>com_20.500.12105_2403</setSpec><setSpec>col_20.500.12105_8163</setSpec></header><metadata><record xmlns="http://www.loc.gov/MARC21/slim" xmlns:dcterms="http://purl.org/dc/terms/" xmlns:doc="http://www.lyncode.com/xoai" xmlns:xsi="http://www.w3.org/2001/XMLSchema-instance" xsi:schemaLocation="http://www.loc.gov/MARC21/slim http://www.loc.gov/standards/marcxml/schema/MARC21slim.xsd">
   <leader>00925njm 22002777a 4500</leader>
   <datafield ind2=" " ind1=" " tag="042">
      <subfield code="a">dc</subfield>
   </datafield>
   <datafield ind2=" " ind1=" " tag="720">
      <subfield code="a">Álvarez Gómez, Susana</subfield>
      <subfield code="e">author</subfield>
   </datafield>
   <datafield ind2=" " ind1=" " tag="720">
      <subfield code="a">González Pulido, José Laureano</subfield>
      <subfield code="e">author</subfield>
   </datafield>
   <datafield ind2=" " ind1=" " tag="720">
      <subfield code="a">López Roldán, Piedad</subfield>
      <subfield code="e">author</subfield>
   </datafield>
   <datafield ind2=" " ind1=" " tag="260">
      <subfield code="c">2010-03</subfield>
   </datafield>
   <datafield ind2=" " ind1=" " tag="520">
      <subfield code="a">[ES] Si bien los tumores óseos malignos son poco frecuentes, implican un mal pronóstico y requieren tratamientos muy agresivos que repercuten en la calidad de vida de los pacientes afectados y desde luego también en su actividad laboral. De hecho, un alto porcentaje de pacientes finalmente obtienen una incapacidad permanente. De todos los tumores óseos malignos, destaca el osteosarcoma que constituye el 30-40% de los mismos. Con este trabajo se pretenden analizar los factores que el médico evaluador, adscrito a un equipo de valoración de incapacidades, debe considerar para delimitar si el paciente puede o no continuar con su actividad laboral tras el diagnóstico y tratamiento de un osteosarcoma. En dicha valoración funcional se deberían incluir los requerimientos profesionales recogidos en la guía de valoración profesional del Instituto Nacional de la Seguridad Social (INSS) y las escalas mas utilizadas actualmente para la valoración funcional. [EN] Though the malignant bone tumors are slightly frequent, they imply a poor prognosis and require aggressive treatments that affect the quality of life of patients and also in labour activity of course of course. In fact, a high percentage of patients finally obtain a permanent disability. Of all the malignant bone tumors, stands out the osteosarcoma that constitutes 30-40% of all of them. This work aims to analyze the factors that the medical assessor, assigned to a disability assessment team, should consider to define whether the patient may or may not continue its labour activity after the diagnosis and treatment of osteosarcoma. In the above mentioned functional assessment should include professional requirements (listed in the guide of professional assessment of Instituto Nacional de la Seguridad Social (INSS) and the scales currently used for functional assessment. [En] Though the malignant bone tumors are slightly frequent, they imply a poor prognosis and require aggressive treatments that affect the quality of life of patients and also in labour activity of course of course. In fact, a high percentage of patients finally obtain a permanent disability. Of all the malignant bone tumors, stands out the osteosarcoma that constitutes 30-40% of all of them. This work aims to analyze the factors that the medical assessor, assigned to a disability assessment team, should consider to define whether the patient may or may not continue its labour activity after the diagnosis and treatment of osteosarcoma. In the above mentioned functional assessment should include professional requirements (listed in the guide of professional assessment of Instituto Nacional de la Seguridad Social (INSS) and the scales currently used for functional assessment.</subfield>
   </datafield>
   <datafield ind1="8" ind2=" " tag="024">
      <subfield code="a">Med Segur Trab 2010; Vol.56 Nº 218;85-92</subfield>
   </datafield>
   <datafield ind1="8" ind2=" " tag="024">
      <subfield code="a">0465-546X</subfield>
   </datafield>
   <datafield ind1="8" ind2=" " tag="024">
      <subfield code="a">http://hdl.handle.net/20.500.12105/11907</subfield>
   </datafield>
   <datafield ind1="8" ind2=" " tag="024">
      <subfield code="a">10.4321/S0465-546X2010000100007</subfield>
   </datafield>
   <datafield ind1="8" ind2=" " tag="024">
      <subfield code="a">1989-7790</subfield>
   </datafield>
   <datafield ind1="8" ind2=" " tag="024">
      <subfield code="a">Medicina y Seguridad del Trabajo</subfield>
   </datafield>
   <datafield tag="653" ind2=" " ind1=" ">
      <subfield code="a">Incapacidad laboral</subfield>
   </datafield>
   <datafield tag="653" ind2=" " ind1=" ">
      <subfield code="a">Osteosarcoma</subfield>
   </datafield>
   <datafield tag="653" ind2=" " ind1=" ">
      <subfield code="a">Disability</subfield>
   </datafield>
   <datafield tag="653" ind2=" " ind1=" ">
      <subfield code="a">Professional requirements</subfield>
   </datafield>
   <datafield tag="653" ind2=" " ind1=" ">
      <subfield code="a">Functional scales</subfield>
   </datafield>
   <datafield ind2="0" ind1="0" tag="245">
      <subfield code="a">Valoración de la incapacidad del osteosarcoma en pacientes en edad laboral</subfield>
   </datafield>
</record></metadata></record></GetRecord></OAI-PMH>